| 000 | 00343nam a22001457a 4500 | ||
|---|---|---|---|
| 020 | _a0-439-01180-9 | ||
| 082 |
_a823 _bJOB/K |
||
| 100 | _aJOBLING, BRENDA | ||
| 245 | _aTHE KITTEN WITH THE INJURED TAIL | ||
| 260 |
_aLONDON _bSCHOLASTIC CHILDRENS BOOKS _c2000 |
||
| 300 | _a113 | ||
| 520 | _aSHORT STORY | ||
| 650 | _aSHORT STORY | ||
| 942 | _cBK | ||
| 999 |
_c5996 _d5996 |
||